000 00916njm a2200277Ia 4500
001 25824
003 IT-RoPAU
005 20220918181119.0
008 131025s9999 xx 000 0 und d
040 _aIT-RoPAU
040 _cIT-RoPAU
999 _c99672
_d99672
999 _bSI
100 _aAA.VV.
_9794
100 _eAutore musica
_914443
100 _gCodice autore musica SPICS: 12000
_9796
245 _aTradizioni musicali del Giappone
250 _a1a ed.
260 _aVARESE
260 _bARION - DUCALE
_c1975 [1a Ed.:1975 - Ed. Lingua Orig.: 1975]
300 _aDISCO
300 _c49 minuti (Testo: pag.)
500 _aMusica folk. Gruppo degli strumenti di musica tradizionale del Giappone
505 _aLa strada verso Izumo - Il piviere - Temi da Rokoudan - Immagine per strumenti giapponesi - Capriccio per tre Koto
650 _aFOLK-POPOLARE [DISCHI]
_eCodice MATERIA SPICS: 9950
_911487
942 _cMD
_2ddc